Female portrayals in advertising and its impact on marketing communication-pieces of evidence from India (Record no. 109656)

000 -LEADER
fixed length control field 00552pab a2200193 454500
008 - FIXED-LENGTH DATA ELEMENTS--GENERAL INFORMATION
fixed length control field 180718b2014 xxu||||| |||| 00| 0 eng d
100 ## - MAIN ENTRY--PERSONAL NAME
Personal name Shyama Kumari
245 ## - TITLE STATEMENT
Title Female portrayals in advertising and its impact on marketing communication-pieces of evidence from India
260 ## - PUBLICATION, DISTRIBUTION, ETC.
Date of publication, distribution, etc. 2014
300 ## - PHYSICAL DESCRIPTION
Extent p.438-448.
362 ## - DATES OF PUBLICATION AND/OR SEQUENTIAL DESIGNATION
Dates of publication and/or sequential designation Nov
650 ## - SUBJECT ADDED ENTRY--TOPICAL TERM
Topical term or geographic name entry element Marketing - India
650 ## - SUBJECT ADDED ENTRY--TOPICAL TERM
Topical term or geographic name entry element Advertising - India
650 ## - SUBJECT ADDED ENTRY--TOPICAL TERM
Topical term or geographic name entry element Women - India
650 ## - SUBJECT ADDED ENTRY--TOPICAL TERM
Topical term or geographic name entry element Women
700 ## - ADDED ENTRY--PERSONAL NAME
Personal name Shivani, Shradha
773 ## - HOST ITEM ENTRY
Main entry heading Management and Labour Studies
909 ## -
-- 109661
Holdings
Withdrawn status Lost status Damaged status Not for loan Permanent Location Current Location Date acquired Serial Enumeration / chronology Barcode Date last seen Price effective from Koha item type
        Indian Institute of Public Administration Indian Institute of Public Administration 2018-07-19 Volume no: 39, Issue no: 4 AR110121 2018-07-19 2018-07-19 Articles

Powered by Koha